| 000 -LEADER |
| fixed length control field |
01557nam a22004337a 4500 |
| 001 - CONTROL NUMBER |
| control field |
4527408 |
| 003 - CONTROL NUMBER IDENTIFIER |
| control field |
LIBRIS |
| 005 - DATE AND TIME OF LATEST TRANSACTION |
| control field |
20210414083253.0 |
| 008 - FIXED-LENGTH DATA ELEMENTS--GENERAL INFORMATION |
| fixed length control field |
011211s1990 xx |||||||||||000 0|eng|d |
| 020 ## - INTERNATIONAL STANDARD BOOK NUMBER |
| International Standard Book Number |
0860721302 |
| 035 ## - SYSTEM CONTROL NUMBER |
| System control number |
(BOKR)9780099283225 |
| 035 ## - SYSTEM CONTROL NUMBER |
| System control number |
(Mo)b1723465 |
| 040 ## - CATALOGING SOURCE |
| Original cataloging agency |
BOKR |
| Description conventions |
i |
| Transcribing agency |
DLC |
| Language of cataloging |
eng |
| 041 ## - LANGUAGE CODE |
| Language code of text/sound track or separate title |
eng |
| 080 ## - UNIVERSAL DECIMAL CLASSIFICATION NUMBER |
| Universal Decimal Classification number |
821.111 |
| Item number |
S-16 |
| 084 ## - OTHER CLASSIFICATION NUMBER |
| Classification number |
He.01 |
| Number source |
kssb/8 |
| 084 ## - OTHER CLASSIFICATION NUMBER |
| Classification number |
Koaca |
| Number source |
kssb/7 |
| 100 1# - MAIN ENTRY--PERSONAL NAME |
| Personal name |
Said, Kurban |
| Relationship |
aut |
| 245 10 - TITLE STATEMENT |
| Title |
Ali and Nino |
| Statement of responsibility, etc. |
/ by: Robin Clark Ltd |
| 260 ## - PUBLICATION, DISTRIBUTION, ETC. |
| Place of publication, distribution, etc. |
London |
| Name of publisher, distributor, etc. |
Robin Clark Ltd |
| Date of publication, distribution, etc. |
1990 |
| 300 ## - PHYSICAL DESCRIPTION |
| Extent |
237 p. |
| 365 ## - TRADE PRICE |
| Price amount |
5.95 usd |
| 500 ## - GENERAL NOTE |
| Institution to which field applies |
Mo |
| General note |
engelska |
| 650 #0 - SUBJECT ADDED ENTRY--TOPICAL TERM |
| 9 (RLIN) |
254 |
| Topical term or geographic name entry element |
English literature |
| 651 #7 - SUBJECT ADDED ENTRY--GEOGRAPHIC NAME |
| Geographic name |
Azerbaijan |
| General subdivision |
historia |
| -- |
roman |
| Source of heading or term |
sao |
| 653 ## - INDEX TERM--UNCONTROLLED |
| Uncontrolled term |
ინგლისური ლიტერატურა |
| 655 #4 - INDEX TERM--GENRE/FORM |
| Institution to which field applies |
Mo |
| Genre/form data or focus term |
Bok |
| 887 ## - NON-MARC INFORMATION FIELD |
| Content of non-MARC field |
{"@id":"8rkbt81l08hs3wr","modified":"2018-10-03T13:41:13.552+02:00","checksum":"34677338224"} |
| Source of data |
librisxl |
| 887 ## - NON-MARC INFORMATION FIELD |
| Content of non-MARC field |
{"@id":"sx48dn0z5jpf5t4","modified":"2010-05-12T10:02:31+02:00","checksum":"30594286186"} |
| Source of data |
librisxl |
| 887 ## - NON-MARC INFORMATION FIELD |
| Content of non-MARC field |
{"@id":"8dkb71gf4mx4v8n","modified":"2016-08-22T10:58:32+02:00","checksum":"34546981906"} |
| Source of data |
librisxl |
| 887 ## - NON-MARC INFORMATION FIELD |
| Content of non-MARC field |
{"@id":"tz69mbk021df9b7","modified":"2016-11-29T12:13:42+01:00","checksum":"41957108257"} |
| Source of data |
librisxl |
| 942 ## - ADDED ENTRY ELEMENTS (KOHA) |
| Source of classification or shelving scheme |
|
| Koha item type |
Books |